Transport properties of foods /
Guardado en:
| Autor Principal: | |
|---|---|
| Otros Autores: | |
| Formato: | Libro |
| Idioma: | English |
| Publicado: |
New York :
Marcel Dekker,
c2001.
|
| Series: | Food science and technology (Marcel Dekker, Inc.) ;
111. |
| Materias: | |
| Acceso en línea: | Descripción |
| Etiquetas: |
Agregar Etiqueta
Sin Etiquetas, Sea el primero en etiquetar este registro!
|
| LEADER | 01388cam a22003255a 4500 | ||
|---|---|---|---|
| 001 | EIQ.libpla002302 | ||
| 008 | 010418s2001####nyua#####b####001#0#eng#d | ||
| 005 | 20070522200451.0 | ||
| 245 | 1 | 0 | |a Transport properties of foods / |c George D. Saravacos, Zacharias B. Maroulis. |
| 260 | |a New York : |b Marcel Dekker, |c c2001. | ||
| 300 | |a xi, 415 p. : |b il. ; |c 24 cm. | ||
| 490 | 1 | |a Food science and technology ; |v 111 | |
| 504 | |a Incluye referencias bibliográficas e índice. | ||
| 020 | |a 0824706137 (acid-free paper) | ||
| 100 | 1 | |a Saravacos, George D., |d 1928- | |
| 700 | 1 | |a Maroulis, Zacharias B., |d 1957- | |
| 830 | 0 | |a Food science and technology (Marcel Dekker, Inc.) ; |v 111. | |
| 082 | 0 | 0 | |a 664 |2 21 |
| 650 | 4 | |a Alimento |x Industria y comercio. | |
| 650 | 4 | |a Alimento |x Fenómeno de transporte. | |
| 650 | 4 | |a Food |x Transport theory. | |
| 650 | 4 | |a Food |x Industry and trade. | |
| 010 | |a 2001028940 | ||
| 040 | |a DLC |c DLC |d AR-BbSID | ||
| 856 | 4 | 2 | |3 Descripción |u http://www.loc.gov/catdir/enhancements/fy0647/2001028940-d.html |
| 859 | |a AR-BbSID |b BIB. PLAPIQUI |h 664.02 |i Sa 71 |p 5475 |t Ej. 1 |v Ej. 1 | ||
| 859 | |a AR-BbSID |b BIB. PLAPIQUI |h 664.02 |i Sa 71 |p 5476 |t Ej. 2 |v Ej. 2 | ||
| 859 | |a AR-BbSID |b BIB. PLAPIQUI |h 664.02 |i Sa 71 |p 5477 |t Ej. 3 |v Ej. 3 | ||
| 859 | |a AR-BbSID |b BIB. PLAPIQUI |h 664.02 |i Sa 71 |p 5478 |t Ej. 4 |v Ej. 4 | ||
| 859 | |a AR-BbSID |b BIB. PLAPIQUI |h 664.02 |i Sa 71 |p 5479 |t Ej. 5 |v Ej. 5 | ||
